Philosophy of educational knowledge : an introduction to the foundations of science of education, philosophy of education and practical pedagogies
Αποθηκεύτηκε σε:
| Κύριος συγγραφέας: | |
|---|---|
| Άλλοι συγγραφείς: | , |
| Μορφή: | Βιβλίο |
| Γλώσσα: | English |
| Δημοσίευση: |
Dordrecht :
Kluwer Academic,
1992
|
| Σειρά: | Philosophy and education ;
; 3 |
| Θέματα: | |
| Ετικέτες: |
Προσθήκη ετικέτας
Δεν υπάρχουν, Καταχωρήστε ετικέτα πρώτοι!
|
MARC
| LEADER | 00000nam a2200000 i 4500 | ||
|---|---|---|---|
| 001 | 1/93573 | ||
| 008 | 991122s1992 eng d | ||
| 020 | |a 0-7923-1522-7 | ||
| 035 | |l 10054456 | ||
| 040 | |a GR-MY-UA |b gre |e aacr | ||
| 041 | 0 | |a eng | |
| 082 | 0 | |a 370.1 | |
| 100 | 1 | |a Brezinka, Wolfgang |d 1928- | |
| 245 | 1 | 0 | |a Philosophy of educational knowledge : |b an introduction to the foundations of science of education, philosophy of education and practical pedagogies / |c Wolfgang Brezinka ; translated by James Stuart Brice, Raoul Eshelman |
| 260 | |a Dordrecht : |b Kluwer Academic, |c 1992 | ||
| 300 | |a 301 p. | ||
| 490 | 1 | |a Philosophy and education |v ; 3 | |
| 650 | 0 | 0 | |a Education |x Philosophy. |
| 650 | 0 | 0 | |a Teaching. |
| 700 | 1 | |a Brice, James Stuart. |4 trl | |
| 700 | 1 | |a Eshelman, Raoul. |4 trl | |
| 830 | 0 | |a Philosophy and education ; |v ; 3 | |
| 852 | |a INST |b RHODES |e 19991122 |h 370.1 BRE |p 005400012011 |q 005400012011 |t BK |y 0 | ||
| 901 | |a BIBL4-1999-3 | ||
| 909 | |a Ρ |b 068276 | ||
| 922 | |a 4ΕΛΗ |b 199908 |c ΚΠΣ/154 |d GLORY BOOKS | ||
| 970 | |a ΚΟΥΛΑΚΙΟΤΗ |b ΛΙΤΣΑ |z 1999/11/22 | ||